banner-ar

كيف تتحدث على شبكة الانترنت / (Record no. 7924)

MARC details
000 -الفاتح
حقل البيانات ثابتة الطول 00859nam a2200253Ia 4500
008 - عناصر البيانات ثابتة الطول - معلومات عامة
حقل البيانات ثابتة الطول 140319s9999 xx 000 0 ara d
020 ## - الرقم الدولى المعيارى للكتب
الرقم الدولى المعيارى للكتاب 996040773
040 ## - مصدر الفهرسة
وكالة الفهرسة الأصلية GCL /
وكالة النسخ GCL
082 04 - رقم تصنيف ديوى العشرى
رقم التصنيف 004.678
رقم المادة ب ك
100 1# - المدخل الرئيسى - إسم شخصى
الإسم الشخصى بيكر، كيم
245 10 - بيان العنوان
العنوان كيف تتحدث على شبكة الانترنت /
بيان المسئوليه,etc بيكر، كيم
700 1# - المدخل الاضافى - اسم شخصى
الإسم الشخصى بيكر، سانى
700 1# - المدخل الاضافى - اسم شخصى
الإسم الشخصى امانى الدجانى
250 ## - بيان الطبعة
بيان الطبعة الاولى
260 ## - PUBLICATION, DISTRIBUTION, ETC. (IMPRINT)
تاريخ النشر أو التوزيع 2005
300 ## - الوصف المادى
التعداد 291 ص ؛
أبعاد الوعاء 24 سم
650 04 - المدخل الاضافى بالموضوع-مصطلح موضوعى
مصطلح موضوعي الاتصالات الالكترونية
650 04 - المدخل الاضافى بالموضوع-مصطلح موضوعى
مصطلح موضوعي الحاسبات الالكترونية - برامج
650 04 - المدخل الاضافى بالموضوع-مصطلح موضوعى
مصطلح موضوعي الإنترنت
650 04 - المدخل الاضافى بالموضوع-مصطلح موضوعى
مصطلح موضوعي نقل المعلومات
650 04 - المدخل الاضافى بالموضوع-مصطلح موضوعى
مصطلح موضوعي الاتصال عبر شبكات الحاسبات الالكترونية
942 ## - عناصر المدخل الإضافي( كوها)
مصدر التصنيف او مخطط الترفيف Dewey Decimal Classification
Koha [default] item type كتاب
260 ## - PUBLICATION, DISTRIBUTION, ETC. (IMPRINT)
-- الرياض :
-- مكتبة العبيكان ،
Holdings
حالة التراجع حالة الفقد حالة تلف ليس للاعارة المكان المؤقت الموقع الحالى تاريخ الاكتساب اجمالي اﻻعارات رقم الطلب الباركود تاريخ اخر مشاهدة تاريخ تفعيل السعر نوع وعاء كوها
        مكتبة القاهرة الكبرى مكتبة القاهرة الكبرى 03/26/2014   004.678\ب ك 16315 03/26/2014 03/26/2014 كتاب
        مكتبة القاهرة الكبرى مكتبة القاهرة الكبرى 03/26/2014   004.678\ب ك 16316 03/26/2014 03/26/2014 كتاب

Powered By

EGPV